LEADER 00947nam a2200205 i 4500 001 000000212938 003 CaOOAMICUS 005 20120503000000.0 008 120503s1935 it u000 u ita u 013 $a191788 040 $aSeMil$bita 100 1 $aQuarti, Guido Antonio.$0(OLS)http://semarc/name/47018 245 13$aLa guerra contro il turco a Cipro e a Lepanto :$b1570-1571 : storia documentata /$cGuido A. Quarti. 260 $aVenezia :$bStabilimento grafico G. Bellini,$c1935. 300 $a775 p., 40 c. di tav. :$bill. ;$c26 cm. 650 4$aBattaglia di Lepanto <1571>.$0(OLS)http://semarc/subject/10986 850 $aSeMil 852 $aSeMil$W1$xVenegono$y1$m3S IV 74$j163368$B163368$CSeMilBibl$Z2$F174475 $81 996 $6245$aLa guerra contro il turco a Cipro e a Lepanto :$b1570-1571 : storia documentata$9(OLS)http://semarc/title/307224 996 $6260$aVenezia :$bStabilimento grafico G. Bellini$9(OLS)http://semarc/publisher/52718 LEADER 01332nam a2200229 i 4500 001 000000059571 003 CaOOAMICUS 005 20130802000000.0 008 130802s1857 xx u000 u lat u 013 $a30743 040 $aSeMil$bita 100 1 $aRavenna .$0(OLS)http://semarc/name/30384 245 10$aConcilium Provinciae Ravennatis quod Pio 9. pont. max. Ravennae habuit eminentissimus s. r. e. presbyter cardinalis clarissimus Falconerius archiepiscopus et princeps anno domini 1855. 260 $aRavennae :$bE Typographeo Sacr. Seminarii archiep.,$c1857. 300 $aXVI, 165 p. ;$c33 cm. 500 $aStemma del card. Falconieri sul front. 650 4$aConcili provinciali - Ravenna .$0(OLS)http://semarc/subject/11947 700 1 $aFalconieri Mellini, Chiarissimo .$0(OLS)http://semarc/name/30385 850 $aSeMil 852 $aSeMil$W1$xVenegono$y1$m2J VI 54 FA$j25724$B25724$CSeMilBibl$Z2$F25727 $8I 996 $6245$aConcilium Provinciae Ravennatis quod Pio 9. pont. max. Ravennae habuit eminentissimus s. r. e. presbyter cardinalis clarissimus Falconerius archiepiscopus et princeps anno domini 1855$9(OLS)http://semarc/title/93103 996 $6260$aRavennae :$bE Typographeo Sacr. Seminarii archiep.$9(OLS)http://semarc/publisher/42094